Statistiques concernant Fiche brevet/bac - Sous-genres littéraires- Argumentatif

Cliquez ici pour prendre le quiz!

Statistiques générales

  • Ce quiz a été pris 27 fois
  • Le résultat moyen est 2 sur 5

Statistiques - réponses

Description du sous-genreSous-genre littéraire% Correct
Œuvre de réflexion portant sur les sujets les plus divers et exposée de manière personnelle, voire subjective par l'auteur. Il a été inventé par MontaigneEssai
96%
Discours prononcé en chaire par un prédicateur (notamment catholique).Sermon
33%
Court récit imaginaire ou parfois réel dont se dégage une vérité morale.Apologue
17%
Toute oeuvre satirique ou polémique, donnée sous des formes variées, telles que le conte, la chanson, l'ode, etcPamphlet
13%
Genre littéraire qui consiste pour l'auteur à rassembler diverses réflexions dans un ouvrage.Pensées
13%

Distribution des résultats

Percentile par nombre de réponses

% des personnes avec chaque résultat

Votre développement - résultats

Vous n’avez pas pris ce quiz